| 000 | 01378nam a22001937a 4500 | ||
|---|---|---|---|
| 003 | OSt | ||
| 005 | 20190625095952.0 | ||
| 008 | 180412b xxu||||| |||| 00| 0 spa d | ||
| 020 | _a8471307030 | ||
| 040 | _cPJ | ||
| 100 |
_9505 _aWiethölter, Rudolf |
||
| 245 | 1 | 3 |
_aLas fórmulas mágicas de la ciencia jurídica / _cRudolf Wiethölter. |
| 260 |
_aMadrid : _bRevista de Derecho Privado, _c1991. |
||
| 300 |
_a255 p. _c21 cm. |
||
| 490 | _aMonografías | ||
| 505 | _aI. Ruptura del encantamiento del mundo del derecho -- II. El malestar hacia el derecho -- III. Los derechos naturales como formulas de redención y alibis político -- IV. La imagen del hombre en el derecho -- V. De la separación de estado y sociedad civil a la unidad de derecho y política -- VI. De la autonomía privada a la "autonomía administrada" -- VII. Del matrimonio como institución al matrimonio como contrato -- VIII. Del derecho hereditario familiar a la libertad de testar -- IX. De la economía privada de mercado a la "cooperación " de política y economía -- X. De la "cogestión" al problema de un "nuevo pacto social" -- XI. La relación de trabajo entre creación jurisprudencial y autonomia colectiva -- XII. Los conflictos de trabajo de insittución del merco a instrumento de participacion politia | ||
| 650 | 0 |
_9209 _aDERECHO EN GENERAL |
|
| 942 |
_2udc _cLIB _h340.11 _iWIE |
||
| 999 |
_c231 _d231 |
||